00514nam a22001457a 450000500170000000800410001702000180005805000150007610000180009124501180010925000310022726000480025830000490030665000130035520241031201011.0241031b |||||||| |||| 00| 0 eng d a9780521606431 aK840b.C65 aCollins, Hugh aThe Law of Contract / cHugh Collins (Professor of English Law, London School of Economics and Political Science) aFourth Ed.bLaw in Context aNew YorkbCambridge University Presscc2003 axlviii, 441 pagesbIllustration, Indexc23cm 2Contract